000 01072cam a22001934a 4500
005 20250605164335.0
008 250528s ||||||||||||||||||||||||d
035 _a23385
040 _aGR-AtMCL
_bgre
_dGR-AtMCL
_eAACR2
245 1 _aProject Management Processes/Planning and Implementation in the Construction Case of a Fast Food Restaurant
260 _c2017
300 _a96
520 _aIntroduction, Aim and Objectives of the Study, The Rationale of the Study, Summary Report, Literature Review, Introduction to Project Management, Project Management Processes, Planning Processes of a Project, Implementation Processes of a Project, Conclusion, Case Study, Scope and Human Resources: Planning and Implementation Phases, Time and Cost: Planning and Implementation Phases, Earned Value Analysis (EVA), Quality and Risk: Planning and Implementation Phases, Lessons Learned - Conclusions, References, Bibliography, Appendices.
700 1 _aBenetou Vivian
_98943
700 1 _aSotiropoulos Dimitrios
_98944
942 _cDS
999 _c8408
_d8408